00745nam a2200241 a 45000010005000000030008000050050017000130080039000300200022000690350018000910400027001090410008001360820022001441000021001662450105001872500012002922600048003043000027003525040020003796500052003996500034004517000018004856778BD-RjUL20211208234318.0140112s1985 enkamb 001 0 eng a0713164417 (pbk.) a(BD-RjUL)6820 aDLCcDLCdBD-RjULbeng aeng00a427219bTRI 19861 aTrudgill, Peter.10aInternational English :ba guide to varieties of standard English /cPeter Trudgill and Jean Hannah. a2nd ed. aLondon :bE. Arnold,cc1985 [reprint 1989]. axiii, 130 p. ;c22 cm. aIncludes index. 0aEnglish languagexVariationzForeign countries. 0aCommunication, International.1 aHannah, Jean.